| 000 | 00847nam a2200229 a 4500 | ||
|---|---|---|---|
| 005 | 20250918064117.0 | ||
| 008 | 010705s1998 mx r 000 0 spa d | ||
| 020 | _a9701018982 | ||
| 035 | _aUPN01000109299 | ||
| 049 | _aCG | ||
| 050 | 4 |
_aLB1590.3 _bD5.3 |
|
| 100 | 1 |
_aDíaz Barriga, Frida, _d1955- _930592 |
|
| 245 | 1 | 0 |
_aEstrategias docentes para un aprendizaje significativo : _buna interpretación constructivista / _cFrida Díaz Barriga Arceo, Gerardo Hernández Rojas. |
| 260 |
_aMéxico : _bMcGraw-Hill Interamericana, _cc1998. |
||
| 300 | _a232 p. | ||
| 590 | _a(También localizas un ejemplar en el "Area de Reserva") | ||
| 590 | _aBibliografía Básica (BGTQ) | ||
| 650 | 4 |
_aPsicología del aprendizaje _95221 |
|
| 650 | 2 |
_aConstructivismo (Educación) _91516 |
|
| 700 | 1 |
_aHernández Rojas, Gerardo _ecoaut. _939230 |
|
| 905 | _aLibro | ||
| 999 |
_c83210 _d83210 |
||